书目信息 |
| 题名: |
大一统:元至元十三年纪事
|
|
| 作者: | 史卫民 著 | |
| 分册: | ||
| 出版信息: | 北京 生活·读书·新知三联书店 1994.10 |
|
| 页数: | 223页 | |
| 开本: | 32开 | |
| 丛书名: | ||
| 单 册: | ||
| 中图分类: | K247.044 | |
| 科图分类: | ||
| 主题词: | 中国--历史 | |
| 电子资源: | ||
| ISBN: | 7-108-00609-X | |
| 000 | 00580nam0 2200193 45 | |
| 001 | 0103201742 | |
| 005 | 20010320173144.0 | |
| 010 | @a7-108-00609-X@d10.70元 | |
| 100 | @a20010320d1994 km y0chiy0120 ea | |
| 101 | 0 | @achi |
| 105 | @a z 000yy | |
| 200 | 1 | @a大一统:元至元十三年纪事@ADa Yi Tong:Yuan Zhi Yuan Shi San Nian Ji Shi@f史卫民著@FShi Wei Min Zhu |
| 210 | @a北京@c生活·读书·新知三联书店@d1994.10 | |
| 215 | @a223页@d32开 | |
| 606 | 0 | @a中国@x历史 |
| 690 | @aK247.044@v3 | |
| 701 | 0 | @a史卫民@4著 |
| 801 | @aCN@bPftUser@c20010320 | |
| 905 | @b330273@dK247.044@eSH541@f1 | |
| 大一统:元至元十三年纪事/史卫民著.-北京:生活·读书·新知三联书店,1994.10 |
| 223页;32开 |
| ISBN 7-108-00609-X:10.70元 |
| ● |
| 相关链接 |
|
|
|
正题名:大一统:元至元十三年纪事
索取号:K247.044/SH541
 
预约/预借
| 序号 | 登录号 | 条形码 | 馆藏地/架位号 | 状态 | 备注 |
| 1 | 330273 | 203302737 | 社科库309/309社科库 34排3列6层/ [索取号:K247.044/SH541] | 在馆 |